Genetic diversity among wild and cultivated accessions of Hevea brasiliensis (rubber tree) detected by RAPDs and ISSRs (Record no. 59801)

MARC details
000 -LEADER
fixed length control field 00572nam a2200205Ia 4500
100 ## - MAIN ENTRY--AUTHOR NAME
Personal name An Z W
245 #0 - TITLE STATEMENT
Title Genetic diversity among wild and cultivated accessions of Hevea brasiliensis (rubber tree) detected by RAPDs and ISSRs
260 ## - PUBLICATION, DISTRIBUTION, ETC. (IMPRINT)
Name of publisher Journal of Tropical and Subtropical Botany
Year of publication 2005
300 ## - PHYSICAL DESCRIPTION
Number of Pages 246-252
650 ## - SUBJECT ADDED ENTRY--TOPICAL TERM
Topical Term Genetic diversity
650 ## - SUBJECT ADDED ENTRY--TOPICAL TERM
Topical Term ISSR
650 ## - SUBJECT ADDED ENTRY--TOPICAL TERM
Topical Term RAPD
700 ## - ADDED ENTRY--PERSONAL NAME
Personal name Cheng H
700 ## - ADDED ENTRY--PERSONAL NAME
Personal name Fang J L
700 ## - ADDED ENTRY--PERSONAL NAME
Personal name Huang H S
700 ## - ADDED ENTRY--PERSONAL NAME
Personal name Sun A H
856 ## - ELECTRONIC LOCATION AND ACCESS
Uniform Resource Identifier CAB CD
942 ## - ADDED ENTRY ELEMENTS (KOHA)
Koha item type Journals
Holdings
Withdrawn status Lost status Damaged status Not for loan Home library Current library Shelving location Date acquired Serial Enumeration / chronology Koha item type
      Journals RRII Library RRII Library Germaplsm 29/06/2006 Volume 13, Issue 3 Journals